|
|
|
|
| LEADER |
02042nam a22004215i 4500 |
| 001 |
978-3-540-27115-4 |
| 003 |
DE-He213 |
| 005 |
20150520202447.0 |
| 007 |
cr nn 008mamaa |
| 008 |
100301s2005 gw | s |||| 0|eng d |
| 020 |
|
|
|a 9783540271154
|9 978-3-540-27115-4
|
| 024 |
7 |
|
|a 10.1007/b138634
|2 doi
|
| 040 |
|
|
|d GrThAP
|
| 050 |
|
4 |
|a R-RZ
|
| 072 |
|
7 |
|a MBGR
|2 bicssc
|
| 072 |
|
7 |
|a MED000000
|2 bisacsh
|
| 082 |
0 |
4 |
|a 610
|2 23
|
| 245 |
1 |
0 |
|a Reviews of Physiology, Biochemistry and Pharmacology
|h [electronic resource].
|
| 246 |
3 |
|
|a With contributions by numerous experts
|
| 264 |
|
1 |
|a Berlin, Heidelberg :
|b Springer Berlin Heidelberg,
|c 2005.
|
| 300 |
|
|
|a IV, 220 p. 57 illus., 27 in color.
|b online resource.
|
| 336 |
|
|
|a text
|b txt
|2 rdacontent
|
| 337 |
|
|
|a computer
|b c
|2 rdamedia
|
| 338 |
|
|
|a online resource
|b cr
|2 rdacarrier
|
| 347 |
|
|
|a text file
|b PDF
|2 rda
|
| 490 |
1 |
|
|a Reviews of Physiology, Biochemistry and Pharmacology,
|x 0303-4240 ;
|v 152
|
| 505 |
0 |
|
|a Rho-modifying C3-like ADP-ribosyltransferases -- Large clostridial cytotoxins -- CNF and DNT -- Modulation of Rho GTPases by type III secretion system translocated effectors of Yersinia -- Pseudomonas aeruginosa ExoS and ExoT -- Pasteurella multocida toxin as a tool for studying Gq signal transduction -- Cytolethal distending toxins -- Anthrax toxins -- Uptake of binary actin ADP-ribosylating toxins -- The enteric toxins of Clostridium perfringens -- The Helicobacter pylori vacuoloating cytotoxin: from cellular vacuolation to immunosuppressive activities.
|
| 520 |
|
|
|a (bitte wie üblich Contents nehmen).
|
| 650 |
|
0 |
|a Medicine.
|
| 650 |
1 |
4 |
|a Biomedicine.
|
| 650 |
2 |
4 |
|a Biomedicine general.
|
| 710 |
2 |
|
|a SpringerLink (Online service)
|
| 773 |
0 |
|
|t Springer eBooks
|
| 776 |
0 |
8 |
|i Printed edition:
|z 9783540231318
|
| 830 |
|
0 |
|a Reviews of Physiology, Biochemistry and Pharmacology,
|x 0303-4240 ;
|v 152
|
| 856 |
4 |
0 |
|u http://dx.doi.org/10.1007/b138634
|z Full Text via HEAL-Link
|
| 912 |
|
|
|a ZDB-2-SBL
|
| 950 |
|
|
|a Biomedical and Life Sciences (Springer-11642)
|